Entre hadas y brujas : (Record no. 210180)

MARC details
000 -CABECERA
campo de control de longitud fija 00919cam a22002297a 4500
003 - IDENTIFICADOR DEL NÚMERO DE CONTROL
campo de control MX-MxUPN
005 - FECHA Y HORA DE LA ÚLTIMA TRANSACCIÓN
campo de control 20231006063609.0
008 - ELEMENTOS DE LONGITUD FIJA--INFORMACIÓN GENERAL
campo de control de longitud fija 230906s2023 ag|a|||| |||| 000 0 spa d
020 ## - NÚMERO INTERNACIONAL NORMALIZADO PARA LIBROS
Número Internacional Estándar del Libro 9789877233605
040 ## - FUENTE DE LA CATALOGACIÓN
Centro catalogador/agencia de origen MX-MxUPN
Lengua de catalogación spa
050 #4 - SIGNATURA TOPOGRÁFICA DE LA BIBLIOTECA DEL CONGRESO
Número de clasificación PN56 V53
Número de documento/Ítem J56 2023
100 1# - ASIENTO PRINCIPAL--NOMBRE PERSONAL
9 (RLIN) 49517
Nombre de persona Jiménez Robles, Angélica
Filiación Universidad Pedagógica Nacional (México)
100 1# - ASIENTO PRINCIPAL--NOMBRE PERSONAL
9 (RLIN) 50154
Nombre de persona Correa Nava, Linda Vanessa
Filiación Universidad Pedagógica Nacional (México)
245 10 - MENCIÓN DE TÍTULO
Título Entre hadas y brujas :
Resto del título violencia sistémica en torno a personajes femeninos
260 ## - PUBLICACIÓN, DISTRIBUCIÓN, ETC.
Lugar de publicación, distribución, etc. Buenos Aires, Argentina :
Nombre del editor, distribuidor, etc. Teseo :
-- Universidad Pedagógica Nacional,
Fecha de publicación, distribución, etc. 2023.
300 ## - DESCRIPCIÓN FÍSICA
Extensión 189 paginas :
Otras características físicas ilustraciones
650 #4 - ASIENTO SECUNDARIO DE MATERIA - TERMINO TEMATICO
9 (RLIN) 9029
Término de materia o nombre geográfico como elemento de entrada Violencia contra las mujeres
650 #4 - ASIENTO SECUNDARIO DE MATERIA - TERMINO TEMATICO
Término de materia o nombre geográfico como elemento de entrada Violencia en la literatura
9 (RLIN) 23019
650 #7 - ASIENTO SECUNDARIO DE MATERIA - TERMINO TEMATICO
9 (RLIN) 2269
Término de materia o nombre geográfico como elemento de entrada Mujeres en la literatura
902 ## - ELEMENTOS DE DATOS B LOCAL, LDB (RLIN)
Creó Daniela Badillo 06/09/23
Modificó VíctorGodínez/051023
942 ## - ELEMENTOS DE PUNTO DE ACCESO ADICIONAL (KOHA)
Fuente del sistema de clasificación o colocación Library of Congress Classification
Tipo de ítem Koha Libro
Holdings
Estado de retiro Estado de pérdida Fuente del sistema de clasificación o colocación Estado dañado No para préstamo Código de colección Localización permanente Ubicación/localización actual Ubicación en estantería Fecha de adquisición Clasificación Código de barras Fecha visto por última vez Precio válido a partir de Tipo de ítem Koha Número de copia
    Library of Congress Classification   Disponible (Previa cita) UPN Bib. Gregorio Torres Quintero Bib. Gregorio Torres Quintero Sala de Fondos Reservados Planta alta 06/09/2023 PN56 V53 J56 2023 337370 06/09/2023 06/09/2023 Libro  
    Library of Congress Classification     Colección General Bib. Gregorio Torres Quintero Bib. Gregorio Torres Quintero Planta baja 06/09/2023 PN56 V53 J56 2023 337517 06/09/2023 06/09/2023 Libro Ej.2
    Library of Congress Classification     Colección General Bib. Gregorio Torres Quintero Bib. Gregorio Torres Quintero Planta baja 06/09/2023 PN56 V53 J56 2023 337518 06/09/2023 06/09/2023 Libro Ej.3